00460nam a2200157Ia 450000500170000000800410001708200170005810000190007524500130009426000310010730000120013850000320015094200060018295200990018899900150028720250526031421.0240331s9999 xx 000 0 und d a302.234bJAY aJayasundara, T 0aCinemawa aSampath PressbKandyc1995 a44 p ., aA Book about Sinhala Cinema cL 001040708LaWERCLbWERCLcSSCd2024-03-31l0o 302.234 JAYp3818r2024-03-31w2024-03-31yL c1164d1164